000 00369nam a2200133Ia 4500
008 191201s2019 xx 000 0 und d
082 _a615.190 BUP
100 _aBURANDE, Mahesh. D
245 0 _aPrinciples and practices of Drug Store Adminstration
260 _bNirali Prakashan
_aNew Delhi
_c2019
300 _aMISC
650 _aPharmaceutics - 23
942 _2ddc
_cBK
999 _c8316
_d8316